000 00384nam a2200157Ia 4500
008 230524s9999 xx 000 0 und d
082 _a621.3821
_bSHA
100 _aAjay Sharma
_96861
245 0 _aElectronics & Instrumentation
250 _a1ST
260 _aNEW DELHI
_bDhanpat Rai
_c2000
300 _a267
500 _aQuantity Number: 1
650 _aElectronics
942 _cBK
999 _c9978
_d9978